000 00324nam a22001457a 4500
008 210312b ||||| |||| 00| 0 eng d
020 _a9780314126351
041 _aeng
080 _22nd
_a34
082 _a34
100 _a13
101 _aJUR
245 _aTort Law for Legal Assistants
_c Edwards,L.L
942 _2udc
_cBK
999 _c56539
_d56539